A Hand Book for Teachers : Research in Technology of scology and enviournment (Record no. 235041)

MARC details
000 -LEADER
fixed length control field 00467nam a2200157Ia 4500
005 - DATE AND TIME OF LATEST TRANSACTION
control field 20250729165340.0
008 - FIXED-LENGTH DATA ELEMENTS--GENERAL INFORMATION
fixed length control field 250729s2004 xx 000 0 und d
041 ## - LANGUAGE CODE
Language code of text/sound track or separate title eng
082 ## - DEWEY DECIMAL CLASSIFICATION NUMBER
Classification number 371.4 RAOC
100 ## - MAIN ENTRY--PERSONAL NAME
Personal name Srivastava A K
9 (RLIN) 221501
245 ## - TITLE STATEMENT
Title A Hand Book for Teachers : Research in Technology of scology and enviournment
260 ## - PUBLICATION, DISTRIBUTION, ETC.
Place of publication, distribution, etc. New Delhi
Name of publisher, distributor, etc. A P H Publishing
Date of publication, distribution, etc. 2004
300 ## - PHYSICAL DESCRIPTION
Extent 400p
650 ## - SUBJECT ADDED ENTRY--TOPICAL TERM
Topical term or geographic name entry element Vocation Guidence
9 (RLIN) 221502
700 ## - ADDED ENTRY--PERSONAL NAME
Personal name Ranjan R K
9 (RLIN) 221503
Holdings
Withdrawn status Lost status Damaged status Not for loan Home library Current library Date acquired Source of acquisition Cost, normal purchase price Total Checkouts Full call number Barcode Date last seen Cost, replacement price Price effective from Koha item type
        St Aloysius Library St Aloysius Library 07/29/2025 Sita Book House 240.00   371.4 RAOC BED00360 07/29/2025 240.00 07/29/2025 Book